El mejoramiento de la salud a través de la expresión corporal: un enfoque holístico /
Se hace hincapié sobre aspectos básicos de la expresión corporal y se muestra una nueva alternativa de proyección para el arte: la aplicación de la expresión corporal para el mejoramiento de la salud física y mental
Сохранить в:
| Главный автор: | |
|---|---|
| Формат: | Текст |
| Предметы: | |
| Метки: |
Добавить метку
Нет меток, Требуется 1-ая метка записи!
|
MARC
| LEADER | 00000 a a2200000 04500 | ||
|---|---|---|---|
| 001 | 13758 | ||
| 003 | |||
| 040 | |||
| 100 | |a Rodríguez Barquero, Vivian | ||
| 245 | |a El mejoramiento de la salud a través de la expresión corporal: |b un enfoque holístico / |c Vivian Rodríguez Barquero | ||
| 520 | |a Se hace hincapié sobre aspectos básicos de la expresión corporal y se muestra una nueva alternativa de proyección para el arte: la aplicación de la expresión corporal para el mejoramiento de la salud física y mental | ||
| 650 | |a TERAPIA | ||
| 650 | |a ARTES | ||
| 650 | |a FISIOTERAPIA | ||
| 650 | |a CUERPO HUMANO | ||
| 650 | |a ASPECTOS PSICOLOGICOS | ||
| 650 | |a COSTA RICA | ||
| 773 | |g volumen 87, número 1; páginas 127-137 | ||
| 999 | |c 24105 |d 24105 | ||
